000
00304nam a2200121Ia 4500
008
190216s9999||||xx |||||||||||||| ||und||
100
_a
Kakkad N N
245
0
_a
Aayirathithollayirathi Arupathimoonnu
260
_b
National Book Stall
_c
1970
300
_a
80p
650
_a
Malayalam Kavitha
942
_c
BK
999
_c
25406
_d
25406